Online Catalogue and eLibrary

The Issues at stake : (Record no. 123)

MARC details
000 -LEADER
fixed length control field 00631nam a2200217 a 4500
001 - CONTROL NUMBER
control field 2974394
005 - DATE AND TIME OF LATEST TRANSACTION
control field 20231204005201.0
008 - FIXED-LENGTH DATA ELEMENTS--GENERAL INFORMATION
fixed length control field 920306s1992 ii b 000 0 eng
020 ## - INTERNATIONAL STANDARD BOOK NUMBER
ISBN 818510722X :
040 ## - CATALOGING SOURCE (பட்டியலாக்க மூலம்)
Original cataloging agency DLC
Transcribing agency DLC
Modifying agency DLC
082 00 - DDC Classification
Class No. 305.42/0954
DDC Edition Number 20
Item Number - Author Mark NAN.
100 1# - MAIN ENTRY--PERSONAL NAME
Personal name Gandhi, Nandita.
245 14 - TITLE STATEMENT
Title The Issues at stake :
Remainder of title theory and practice in the contemporary women's movement in India /
Statement of responsibility, etc. Nandita Gandhi & Nandita Shah.
260 ## - PUBLICATION, DISTRIBUTION, ETC.
Place of publication, distribution, etc. New Delhi :
Name of publisher, distributor, etc. Kali for Women,
Date of publication, distribution, etc. 1992.
300 ## - PHYSICAL DESCRIPTION
Extent (e.g. Volumes, Pages etc.) 347 p. ;
650 #0 - SUBJECT ADDED ENTRY--TOPICAL TERM
Topical term or geographic name entry element Feminism
650 #0 - SUBJECT ADDED ENTRY--TOPICAL TERM
Topical term or geographic name entry element Women's rights
650 #0 - SUBJECT ADDED ENTRY--TOPICAL TERM
Topical term or geographic name entry element Women
700 1# - ADDED ENTRY--PERSONAL NAME
Personal name Shah, Nandita.
Relator term (Role) Editor
942 ## - Koha item type (Biblio)
Koha item type Books in Stacks (Lending)
Holdings
Lost status Damaged status Collection code Home library Current library Date acquired Full call number Accession Number Item type
    Lending WERC Library WERC Library 12/04/2023 305.42/0954 NAN. 1447 Books in Stacks (Lending)

© WERC Library